[Event "Faxe EMT 2003"]
[Site "Faxe"]
[Date "2003.03.19"]
[Round "1"]
[White "Refsgaard, Kaj"]
[Black "Nielsen, Poul Erik2"]
[Result "1-0"]
[WhiteElo "1585"]
[BlackElo "1246"]
[PlyCount "53"]
[EventDate "2003.03.19"]

1. d4 d5 2. Nf3 g6 3. c4 e6 4. e3 Nf6 5. Bd2 a6 6. cxd5 Qxd5 7. Nc3 Qd8 8. Bd3
Bg7 9. Ne4 O-O 10. O-O Nbd7 11. Rc1 c6 12. Bb4 Re8 13. Nd6 Bf8 14. Nxe8 Bxb4
15. Nxf6+ Nxf6 16. Qb3 Ba5 17. Rfd1 Nd5 18. e4 Nf4 19. Bf1 Bc7 20. Qc4 g5 21.
g3 g4 22. Ne5 Nh3+ 23. Bxh3 gxh3 24. Nxc6 bxc6 25. Qxc6 Qf6 26. e5 Bxe5 27.
dxe5 1-0

[Event "Faxe EMT 2003"]
[Site "Faxe"]
[Date "2003.03.19"]
[Round "1"]
[White "Andreasen, Rene"]
[Black "Eckert, Svend"]
[Result "0-1"]
[WhiteElo "1100"]
[BlackElo "1585"]
[PlyCount "92"]
[EventDate "2003.03.19"]

1. e4 c6 2. Nf3 d5 3. exd5 cxd5 4. d4 Nc6 5. Nc3 Nf6 6. Bd3 g6 7. O-O Bg7 8. a3
Bg4 9. h3 Bxf3 10. Qxf3 Nxd4 11. Bb5+ Nxb5 12. Nxb5 a6 13. Nc3 O-O 14. b3 Ne4
15. Nxe4 dxe4 16. Qxe4 Bxa1 17. Bg5 Bf6 18. f4 Qd4+ 19. Qxd4 Bxd4+ 20. Kh1 f6
21. Bh6 Rfc8 22. c4 b5 23. Rd1 e5 24. fxe5 fxe5 25. cxb5 axb5 26. a4 bxa4 27.
bxa4 Rxa4 28. Rb1 Ra1 29. Rxa1 Bxa1 30. Kh2 e4 31. Kg3 Be5+ 32. Bf4 Bxf4+ 33.
Kxf4 Rc2 34. g3 Rc3 35. h4 e3 36. Kf3 Kf7 37. g4 Ke6 38. Ke2 Ke5 39. Kf3 h5 40.
g5 Kf5 41. Kg3 Ke4 42. Kg2 Rc2+ 43. Kf1 Kf3 44. Kg1 e2 45. Kh2 e1=Q+ 46. Kh3
Qg3# 0-1

[Event "Faxe EMT 2003"]
[Site "Faxe"]
[Date "2003.03.19"]
[Round "1"]
[White "Karstensen, Preben"]
[Black "Gisli, Theodor"]
[Result "1/2-1/2"]
[WhiteElo "1624"]
[BlackElo "1681"]
[PlyCount "44"]
[EventDate "2003.03.19"]

1. d4 f5 2. c4 Nf6 3. Nf3 e6 4. e3 Bb4+ 5. Bd2 Bxd2+ 6. Nbxd2 O-O 7. Be2 c6 8.
O-O d5 9. Ne5 Nbd7 10. f4 Nxe5 11. fxe5 Ne4 12. Nxe4 fxe4 13. Rxf8+ Qxf8 14.
Qb3 b6 15. Rf1 Qe7 16. Qd1 Bb7 17. a3 c5 18. Qe1 cxd4 19. exd4 Rf8 20. Rxf8+
Qxf8 21. Qf2 Qe7 22. Qe3 Qh4 1/2-1/2

[Event "Faxe EMT 2003"]
[Site "Faxe"]
[Date "2003.03.19"]
[Round "1"]
[White "Hansen, Egon"]
[Black "Strandsbjerg, Jens"]
[Result "1-0"]
[WhiteElo "1682"]
[BlackElo "1477"]
[PlyCount "80"]
[EventDate "2003.03.19"]

1. d4 d5 2. c4 e6 3. Nf3 Nf6 4. Nc3 Be7 5. e3 O-O 6. Bd3 h6 7. O-O c5 8. b3 Nc6
9. Bb2 cxd4 10. exd4 a6 11. Rc1 Qb6 12. Na4 Qd8 13. Re1 Bd6 14. a3 Qc7 15. Nc3
Ng4 16. h3 Bh2+ 17. Kf1 Nxf2 18. Kxf2 Bg3+ 19. Kf1 Bxe1 20. Qxe1 Qb6 21. Qd1
Na5 22. c5 Qxb3 23. Qxb3 Nxb3 24. Re1 Na5 25. Na4 Nc6 26. Nb6 Rb8 27. Bc1 Re8
28. Bf4 g5 29. Bxb8 Nxb8 30. g4 Bd7 31. Ke2 Bc6 32. Kd2 Rf8 33. Kc3 Be8 34. Nc8
Bc6 35. Nd6 Nd7 36. Rd1 Rb8 37. Ne5 Nxe5 38. dxe5 Rd8 39. Kd4 Rd7 40. Ne8 Rc7
1-0

[Event "Faxe EMT 2003"]
[Site "Faxe"]
[Date "2003.03.19"]
[Round "1"]
[White "Jensen, Herman"]
[Black "Hansen, Erik Friberg"]
[Result "1-0"]
[WhiteElo "1615"]
[BlackElo "1228"]
[PlyCount "87"]
[EventDate "2003.03.19"]

1. e4 c5 2. Nf3 d6 3. d4 cxd4 4. Nxd4 Nc6 5. Be3 Nf6 6. Nc3 Bd7 7. f3 e5 8. Nb3
a6 9. Qd2 Be7 10. Bc4 b5 11. Bd5 Rc8 12. O-O O-O 13. a3 Qc7 14. Qf2 Be6 15.
Rfc1 Bd8 16. Rd1 Ne7 17. Rac1 Nexd5 18. exd5 Bf5 19. Nd2 Qe7 20. Nde4 Bxe4 21.
Nxe4 Nxe4 22. fxe4 Qf6 23. Qxf6 Bxf6 24. b3 Be7 25. c3 f5 26. exf5 Rxf5 27. Rf1
Rxf1+ 28. Kxf1 Kf8 29. Ke2 Ke8 30. Kd3 Kd7 31. Rf1 Rf8 32. Rxf8 Bxf8 33. c4 Kc7
34. Ke4 g6 35. g3 Be7 36. a4 bxc4 37. bxc4 Kd7 38. Bd2 Kc7 39. c5 dxc5 40. Kxe5
Bd6+ 41. Ke6 c4 42. Ba5+ Kc8 43. Kxd6 Kb7 44. Ke7 1-0

[Event "Faxe EMT 2003"]
[Site "Faxe"]
[Date "2003.03.19"]
[Round "1"]
[White "Hansen, Arne Mandrup"]
[Black "Nielsen, Johannes"]
[Result "1-0"]
[WhiteElo "1316"]
[BlackElo "1192"]
[PlyCount "53"]
[EventDate "2003.03.19"]

1. d4 c6 2. c4 d5 3. Nc3 Nf6 4. Bf4 e6 5. e3 Bb4 6. Rc1 Ne4 7. Nf3 O-O 8. Bd3
Nxc3 9. bxc3 Be7 10. O-O Nd7 11. cxd5 cxd5 12. c4 b6 13. cxd5 exd5 14. Ne5 f6
15. Nc6 Qe8 16. Nxe7+ Qxe7 17. Rc7 Qe8 18. Bb5 Rf7 19. Bc6 Ba6 20. Re1 Rc8 21.
Bxd5 Rxc7 22. Bxc7 Nf8 23. Bxf7+ Qxf7 24. Bg3 Qxa2 25. Qa1 Bc4 26. Qxa2 Bxa2
27. Ra1 1-0

[Event "Faxe EMT 2003"]
[Site "Faxe"]
[Date "2003.03.19"]
[Round "1"]
[White "Andreasen, Per Anthoni"]
[Black "Eriksen, Knud Ejler"]
[Result "1-0"]
[WhiteElo "1554"]
[BlackElo "1297"]
[PlyCount "93"]
[EventDate "2003.03.19"]

1. d4 d5 2. c4 Nf6 3. Nc3 e6 4. Bg5 Nbd7 5. e3 b6 6. cxd5 exd5 7. Nxd5 Nxd5 8.
Bxd8 Bb4+ 9. Ke2 Kxd8 10. a3 Bd6 11. Qd3 a5 12. Qf5 N7f6 13. Qc2 Re8 14. Kd1
Rxe3 15. Qc6 Rb8 16. fxe3 Nxe3+ 17. Ke1 Bb7 18. Qc1 Bf4 19. Qc3 Nxg2+ 20. Bxg2
Bxg2 21. Ne2 Ne4 22. Nxf4 Nxc3 23. Nxg2 Nd5 24. Rf1 f6 25. Rc1 Kd7 26. Rf2 h6
27. Nf4 Ne7 28. Nh5 Rg8 29. Rg2 Nf5 30. Nxf6+ gxf6 31. Rxg8 Nxd4 32. Rd1 c5 33.
Rxd4+ cxd4 34. Rg6 Ke6 35. Rxh6 b5 36. Rh5 f5 37. Rg5 Ke5 38. h4 Kf4 39. Ke2
Ke4 40. h5 f4 41. h6 d3+ 42. Kd2 f3 43. Rg8 Kf4 44. h7 f2 45. Rf8+ Kg3 46. h8=Q
Kg2 47. Qf6 1-0

[Event "Faxe EMT 2003"]
[Site "Faxe"]
[Date "2003.03.19"]
[Round "1"]
[White "Lillebro, Verner"]
[Black "Hansen, Ove Bonnelykke"]
[Result "0-1"]
[WhiteElo "1300"]
[BlackElo "1627"]
[PlyCount "70"]
[EventDate "2003.03.19"]

1. d4 d5 2. c4 Nf6 3. Bg5 e6 4. e3 Be7 5. Nc3 O-O 6. Nf3 c6 7. Bd3 b6 8. O-O
Nbd7 9. Bf4 Bb7 10. cxd5 exd5 11. a3 Re8 12. Qc2 h6 13. Rac1 c5 14. dxc5 Nxc5
15. Nd4 a6 16. f3 Rc8 17. Qd2 Nh5 18. Nce2 Nxd3 19. Qxd3 Bc5 20. Rc3 Qf6 21.
Rd1 Nxf4 22. Nxf4 Qe5 23. Qd2 Rc7 24. Kh1 Rce7 25. Nfe2 a5 26. Rd3 f5 27. f4
Qf6 28. Re1 Ba6 29. Rc3 Bxe2 30. Nxe2 d4 31. exd4 Bxd4 32. Rc2 Re4 33. g3 Bc5
34. Qd5+ Qe6 35. Qd1 Qc6 0-1

[Event "Faxe EMT 2003"]
[Site "Faxe"]
[Date "2003.03.19"]
[Round "1"]
[White "Hansen, Knud"]
[Black "Christoffersen, Per"]
[Result "0-1"]
[WhiteElo "1649"]
[BlackElo "1369"]
[PlyCount "88"]
[EventDate "2003.03.19"]

1. e4 e6 2. d3 d5 3. exd5 exd5 4. Nf3 Nf6 5. Be2 Bd6 6. O-O O-O 7. h3 Bf5 8. a3
Nbd7 9. Nc3 c6 10. Be3 Qc7 11. Qd2 a6 12. b4 Rfe8 13. Rfe1 b6 14. Qc1 c5 15.
bxc5 Nxc5 16. Nd1 Na4 17. Bd2 b5 18. Ne3 Bg6 19. Nh4 d4 20. Nef5 Qb6 21. Nxd6
Qxd6 22. Bb4 Qc7 23. Nf3 Qd7 24. Qf4 a5 25. Bd2 Nc3 26. Qxd4 Nxe2+ 27. Rxe2
Rxe2 28. Qb6 Qa7 29. Qxa7 Rxa7 30. Be3 Rc7 31. Nd4 Rcxc2 32. Nxc2 Rxc2 33. d4
Nd5 34. Re1 h6 35. Rb1 Nc3 36. Re1 Ra2 37. f3 Re2 38. Rxe2 Nxe2+ 39. Kf2 Nc3
40. Ke1 b4 41. axb4 axb4 42. Kd2 Nd5 43. Bf2 b3 44. Kc1 Nf4 0-1

[Event "Faxe EMT 2003"]
[Site "Faxe"]
[Date "2003.03.19"]
[Round "1"]
[White "Toftvang, Ove"]
[Black "Rasmussen, Arne"]
[Result "1/2-1/2"]
[WhiteElo "1161"]
[BlackElo "1069"]
[PlyCount "117"]
[EventDate "2003.03.19"]

1. c4 e5 2. g3 Nf6 3. Nc3 Bc5 4. Bg2 O-O 5. e4 Nc6 6. Nge2 a6 7. O-O d6 8. h3
Be6 9. d3 h6 10. a3 Re8 11. b4 Ba7 12. Kh1 Nd4 13. Ng1 Rb8 14. a4 Ra8 15. Rb1
b6 16. b5 a5 17. f4 Bc8 18. f5 Bb7 19. Nd5 Bxd5 20. exd5 Nd7 21. Be3 Qf6 22.
Be4 Nc5 23. Rb2 Kh7 24. Rg2 Rh8 25. Bxd4 exd4 26. Qg4 Nxa4 27. Ne2 Nc5 28. Rgf2
Rhe8 29. h4 Bb8 30. Rd1 a4 31. Nc1 Ra5 32. Na2 a3 33. Nb4 Ra4 34. Na2 Kh8 35.
h5 Kg8 36. Rb1 Kf8 37. Rb4 Ra8 38. Nc1 Ke7 39. Re2 Kd7 40. Rb1 Na4 41. Ra1 Nc3
42. Re1 Kd8 43. Na2 Na4 44. Nb4 Nc3 45. Na6 a2 46. Kg2 Rh8 47. Rf1 Re8 48. Kh3
Re5 49. Nb4 Kd7 50. Nc6 Re8 51. Bf3 Ra4 52. Be4 Ra3 53. Nb4 Ba7 54. Rf2 Ra8 55.
Nxa2 Bb8 56. Nxc3 Rxa1 57. Ne2 R1a2 58. Bf3 Rd2 59. Qe4 1/2-1/2

[Event "Faxe EMT 2003"]
[Site "Faxe"]
[Date "2003.03.24"]
[Round "1"]
[White "Jensen, Niels"]
[Black "Wehlast, Svend Erik"]
[Result "1-0"]
[WhiteElo "1349"]
[BlackElo "1320"]
[PlyCount "113"]
[EventDate "2003.03.19"]

1. e4 e5 2. Bc4 Bc5 3. Nf3 Nc6 4. d3 h6 5. a3 a6 6. h3 d6 7. Nc3 Nf6 8. O-O Be6
9. Nd5 Bxd5 10. exd5 Ne7 11. Qe2 O-O 12. Be3 Bxe3 13. fxe3 Nexd5 14. Ba2 Ne7
15. Nh4 d5 16. e4 d4 17. Qf3 Qd6 18. Qg3 Kh7 19. Nf5 Nxf5 20. Rxf5 Rae8 21.
Raf1 Re7 22. Qh4 c6 23. Rxf6 gxf6 24. Rxf6 Re6 25. Qxh6+ Kg8 26. Bxe6 Qxe6 27.
Rxe6 fxe6 28. Qxe6+ Rf7 29. Qxe5 Kf8 30. Qxd4 Ke8 31. Qe5+ Re7 32. Qxe7+ Kxe7
33. Kf2 b5 34. Ke3 c5 35. b3 a5 36. g4 Ke6 37. Kf4 a4 38. bxa4 b4 39. axb4 cxb4
40. a5 Kd6 41. a6 Kc6 42. a7 Kb7 43. g5 Kxa7 44. g6 Kb6 45. g7 Kc5 46. g8=Q Kb5
47. Ke3 Ka4 48. Kd4 Kb5 49. Qb8+ Kc6 50. Qd8 b3 51. cxb3 Kb5 52. Qd7+ Kb6 53.
Kd5 Ka5 54. Kc5 Ka6 55. Qb5+ Ka7 56. Kc6 Ka8 57. Qb7# 1-0

[Event "Faxe EMT 2003"]
[Site "Faxe"]
[Date "2003.03.26"]
[Round "2"]
[White "Refsgaard, Kaj"]
[Black "Jensen, Niels"]
[Result "1-0"]
[WhiteElo "1585"]
[BlackElo "1349"]
[PlyCount "95"]
[EventDate "2003.03.19"]

1. Nf3 Nc6 2. d4 d5 3. c4 Bf5 4. a3 e6 5. Nc3 h6 6. Bf4 a6 7. e3 Nf6 8. cxd5
Nxd5 9. Nxd5 exd5 10. Be2 Bd6 11. Bxd6 Qxd6 12. O-O O-O 13. Rc1 Rac8 14. Qb3
Rb8 15. Qc3 Rfe8 16. b4 Re7 17. Bxa6 bxa6 18. Qxc6 Qxc6 19. Rxc6 Rb6 20. Rfc1
Rxc6 21. Rxc6 Bd3 22. Ne5 Bb5 23. Rc5 c6 24. Nxc6 Bxc6 25. Rxc6 Re6 26. Rxe6
fxe6 27. a4 Kf7 28. b5 axb5 29. axb5 Ke7 30. g4 Kd7 31. f4 Kc7 32. Kf2 Kb6 33.
f5 exf5 34. gxf5 Kxb5 35. e4 dxe4 36. Ke3 Kc6 37. Kxe4 Kd6 38. d5 h5 39. h4 Kd7
40. Ke5 Ke7 41. d6+ Kd7 42. Kd5 Kd8 43. Kc6 Kc8 44. d7+ Kd8 45. Kd6 g6 46. f6
g5 47. f7 gxh4 48. f8=R# 1-0

[Event "Faxe EMT 2003"]
[Site "Faxe"]
[Date "2003.03.26"]
[Round "2"]
[White "Lillebro, Verner"]
[Black "Andreasen, Rene"]
[Result "1-0"]
[WhiteElo "1300"]
[BlackElo "1100"]
[PlyCount "79"]
[EventDate "2003.03.19"]

1. d4 d5 2. c4 dxc4 3. Bf4 Bf5 4. e3 Nf6 5. Bxc4 e6 6. a3 Ne4 7. Nf3 Bd6 8.
Bxd6 Nxd6 9. Nbd2 Nc6 10. O-O Qf6 11. Qb3 Qg6 12. Nh4 Qg5 13. Nxf5 Qxf5 14. Bd3
Qf6 15. Ne4 Nxe4 16. Bxe4 Na5 17. Qb5+ Nc6 18. Qxb7 O-O 19. Qxc6 Rab8 20. b4
Rb6 21. Qxc7 Qd8 22. Qxd8 Rxd8 23. Rfc1 g6 24. h3 f6 25. Rc7 Ra6 26. a4 e5 27.
dxe5 fxe5 28. a5 Kf8 29. Rxh7 Rad6 30. Rxa7 Rd1+ 31. Rxd1 Rxd1+ 32. Kh2 Rb1 33.
Rb7 Rb2 34. Bxg6 Rxf2 35. e4 Rb2 36. b5 Rf2 37. a6 Rf6 38. Bf5 Rd6 39. a7 Rd8
40. Rb8 1-0

[Event "Faxe EMT 2003"]
[Site "Faxe"]
[Date "2003.03.26"]
[Round "2"]
[White "Rasmussen, Arne"]
[Black "Karstensen, Preben"]
[Result "0-1"]
[WhiteElo "1069"]
[BlackElo "1624"]
[PlyCount "66"]
[EventDate "2003.03.19"]

1. e4 e5 2. Nf3 Nc6 3. Bb5 d6 4. O-O Nf6 5. d3 Bd7 6. Nc3 a6 7. Ba4 Be7 8. a3
O-O 9. h3 b5 10. Bb3 Nd4 11. Nxd4 exd4 12. Ne2 c5 13. Bg5 h6 14. Bxf6 Bxf6 15.
Bd5 Ra7 16. Re1 Be6 17. Nf4 Re8 18. Qh5 Bg5 19. Bxe6 Bxf4 20. Bxf7+ Rxf7 21.
Qd5 Qa8 22. Qh5 Be5 23. b3 Ref8 24. Rf1 Qd8 25. a4 b4 26. Rae1 Rf4 27. g3 Rf3
28. Kg2 Qf6 29. Qg4 Bxg3 30. Re2 Be5 31. Qd7 Qf4 32. Qe6+ Kh8 33. Rh1 Rxf2+ 0-1

[Event "Faxe EMT 2003"]
[Site "Faxe"]
[Date "2003.03.26"]
[Round "2"]
[White "Eckert, Svend"]
[Black "Hansen, Egon"]
[Result "1-0"]
[WhiteElo "1585"]
[BlackElo "1682"]
[PlyCount "53"]
[EventDate "2003.03.19"]

1. c4 e5 2. Nc3 Nf6 3. e3 Nc6 4. d4 exd4 5. exd4 Be7 6. Nf3 d6 7. b3 O-O 8. Bb2
Bg4 9. Be2 d5 10. O-O Qd7 11. Re1 Rfe8 12. Ne5 Bxe2 13. Rxe2 Qd8 14. Qd2 Bb4
15. Qf4 Bxc3 16. Bxc3 Nxe5 17. dxe5 Ne4 18. Bb2 Nc5 19. Rd1 Ne6 20. Qg4 c6 21.
f4 h6 22. Kh1 Qa5 23. f5 Ng5 24. h4 Ne4 25. e6 f6 26. Rxe4 dxe4 27. Bxf6 1-0

[Event "Faxe EMT 2003"]
[Site "Faxe"]
[Date "2003.03.26"]
[Round "2"]
[White "Jensen, Herman"]
[Black "Andreasen, Per Anthoni"]
[Result "1-0"]
[WhiteElo "1615"]
[BlackElo "1554"]
[PlyCount "105"]
[EventDate "2003.03.19"]

1. e4 e6 2. d4 d5 3. Nc3 Nf6 4. Bd3 c5 5. dxc5 Bxc5 6. Qf3 d4 7. Nce2 Nc6 8. a3
Ne5 9. Qg3 Nxd3+ 10. Qxd3 a6 11. Nf3 Ng4 12. h3 Nf6 13. Nexd4 e5 14. Nb3 Qxd3
15. cxd3 Bd6 16. O-O Be6 17. Na5 b6 18. Nc6 Nd7 19. Bd2 f6 20. Rac1 Nc5 21. Be3
Rc8 22. Bxc5 Bxc5 23. b4 Rxc6 24. bxc5 bxc5 25. d4 exd4 26. Nxd4 Rd6 27. Nxe6
Rxe6 28. Rxc5 Kf7 29. Re1 Rb8 30. f3 Rb3 31. a4 Rd6 32. Rec1 Rd2 33. R5c2 Rd4
34. Rc7+ Kg6 35. R7c4 Rd2 36. R4c2 Rd4 37. e5 Re3 38. exf6 gxf6 39. Rc4 Rd2 40.
R1c2 Rd1+ 41. Kf2 Ra3 42. Rg4+ Kh6 43. Rc6 Ra2+ 44. Ke3 Re1+ 45. Kf4 Rxa4+ 46.
Kf5 Rxg4 47. hxg4 Ra1 48. Kxf6 Ra2 49. g5+ Kh5 50. g3 Ra5 51. Rc7 h6 52. Rh7
Rxg5 53. g4+ 1-0

[Event "Faxe EMT 2003"]
[Site "Faxe"]
[Date "2003.03.26"]
[Round "2"]
[White "Strandsbjerg, Jens"]
[Black "Hansen, Erik Friberg"]
[Result "1-0"]
[WhiteElo "1477"]
[BlackElo "1228"]
[PlyCount "111"]
[EventDate "2003.03.19"]

1. d4 d5 2. c4 e6 3. Nc3 Nf6 4. Bg5 Be7 5. e3 Nbd7 6. Nf3 O-O 7. Bd3 b6 8. cxd5
exd5 9. Qc2 Bb7 10. a3 a6 11. O-O h6 12. Bh4 Re8 13. Bg3 b5 14. Ne2 Nh5 15.
Qxc7 Qxc7 16. Bxc7 Rac8 17. Rfc1 Bd8 18. Bxd8 Rexd8 19. Bf5 Nhf6 20. Ne5 g6 21.
Bxd7 Nxd7 22. Rxc8 Bxc8 23. Nc6 Re8 24. Rc1 Nb6 25. b3 Kg7 26. Ne5 Re7 27. Nf4
Bb7 28. h3 Kf6 29. Nfd3 Nd7 30. Ng4+ Kg7 31. Rc7 Ba8 32. Ra7 Bc6 33. Nc5 f6 34.
Nxa6 h5 35. Nh2 Kf7 36. Nb4 Nb8 37. Nxc6 Nxc6 38. Ra6 Re6 39. Kf1 Nb8 40. Rxe6
Kxe6 41. Ke2 Nc6 42. Kd3 Na5 43. Kc3 Nc6 44. f3 f5 45. Nf1 Kf6 46. Nd2 g5 47.
e4 Ne7 48. e5+ Ke6 49. Kb4 Nc6+ 50. Kc5 Na7 51. Nb1 h4 52. Nc3 g4 53. Nxd5 Nc8
54. Nf4+ Kf7 55. fxg4 Ne7 56. d5 1-0

[Event "Faxe EMT 2003"]
[Site "Faxe"]
[Date "2003.03.26"]
[Round "2"]
[White "Wehlast, Svend Erik"]
[Black "Toftvang, Ove"]
[Result "1/2-1/2"]
[WhiteElo "1320"]
[BlackElo "1161"]
[PlyCount "181"]
[EventDate "2003.03.19"]

1. d4 d5 2. Nf3 Nc6 3. e3 a6 4. Bd2 e6 5. a3 g6 6. c4 Bg7 7. c5 b6 8. b4 e5 9.
Bc3 Bg4 10. Be2 Bxf3 11. gxf3 exd4 12. exd4 b5 13. a4 Na7 14. axb5 Nxb5 15.
Bxb5+ axb5 16. Rxa8 Qxa8 17. Qe2+ Ne7 18. Qxb5+ c6 19. Qa5 O-O 20. Qxa8 Rxa8
21. O-O Nf5 22. Kg2 Bxd4 23. Rd1 Bxc3 24. Nxc3 Ra3 25. Nxd5 cxd5 26. Rxd5 Rb3
27. Rd8+ Kg7 28. Rb8 Nd4 29. f4 h5 30. Rb6 Ne6 31. c6 Nxf4+ 32. Kf1 Nd5 33. Rb7
Kf6 34. b5 Ke6 35. c7 Nxc7 36. Rxc7 Rxb5 37. Rc6+ Kf5 38. Rc4 g5 39. h3 Re5 40.
Kg2 h4 41. Kf3 Kg6 42. Rc6+ f6 43. Rc4 Ra5 44. Kg2 Kf5 45. Rb4 Ra3 46. Rc4 Kg6
47. Rc6 Ra5 48. Rc4 f5 49. Rc8 Ra4 50. Rg8+ Kf6 51. Rf8+ Ke5 52. Re8+ Kf4 53.
Rb8 Ra5 54. Rb4+ Ke5 55. Rb8 f4 56. Kf3 Ra2 57. Rb5+ Kf6 58. Rb6+ Kf5 59. Rb5+
Kg6 60. Rb6+ Kh5 61. Rb8 Ra3+ 62. Ke4 Rxh3 63. f3 Kg6 64. Rb6+ Kg7 65. Rb7+ Kf6
66. Rb6+ Kg7 67. Rb7+ Kg8 68. Kf5 Rxf3 69. Kg6 Kf8 70. Kxg5 h3 71. Kg4 h2 72.
Rh7 Rf2 73. Kf5 Kg8 74. Rh6 Kg7 75. Rh5 f3 76. Kf4 Kg6 77. Rh3 Kf6 78. Kg3 Ra2
79. Rxh2 Rxh2 80. Kxh2 Kf5 81. Kg3 Ke4 82. Kf2 Kf4 83. Kf1 Ke3 84. Ke1 Ke4 85.
Kf2 Kf4 86. Kf1 Kg3 87. Kg1 Kf4 88. Kf2 Ke4 89. Kf1 Ke3 90. Ke1 Kf4 91. Kf2
1/2-1/2

[Event "Faxe EMT 2003"]
[Site "Faxe"]
[Date "2003.03.26"]
[Round "2"]
[White "Christoffersen, Per"]
[Black "Hansen, Ove Bonnelykke"]
[Result "0-1"]
[WhiteElo "1369"]
[BlackElo "1627"]
[PlyCount "90"]
[EventDate "2003.03.19"]

1. d4 d5 2. c4 e6 3. Nf3 Nf6 4. Nc3 c6 5. e3 Be7 6. Qc2 b6 7. Bd3 h6 8. O-O
Nbd7 9. cxd5 exd5 10. Bf5 Bb7 11. Bxd7+ Nxd7 12. e4 O-O 13. exd5 cxd5 14. Qb3
Nf6 15. Ne5 Bd6 16. Bf4 Nh5 17. Bg3 Bxe5 18. Bxe5 f6 19. Bg3 Re8 20. Rfe1 Nxg3
21. hxg3 Qd7 22. Qc2 a6 23. Ne2 Re4 24. Nf4 Rae8 25. Red1 Qf7 26. f3 Re3 27. a4
g5 28. Nd3 Re2 29. Rd2 R2e3 30. a5 Qe6 31. axb6 Qxb6 32. Nc5 Kg7 33. Qf5 Qd6
34. Kf2 Bc8 35. Qc2 Qe7 36. Qd1 Qd6 37. Qa4 Qe7 38. Qd1 h5 39. Qf1 Qd6 40. Nxa6
g4 41. f4 Bxa6 42. Qxa6 Qb4 43. Qa7+ Kg6 44. Qa5 Qe7 45. Qxd5 Re1 0-1

[Event "Faxe EMT 2003"]
[Site "Faxe"]
[Date "2003.03.26"]
[Round "2"]
[White "Gisli, Theodor"]
[Black "Hansen, Arne Mandrup"]
[Result "1-0"]
[WhiteElo "1681"]
[BlackElo "1316"]
[PlyCount "73"]
[EventDate "2003.03.19"]

1. f4 e5 2. fxe5 d6 3. Nf3 dxe5 4. Nc3 Bd6 5. e4 Nc6 6. Bc4 Nd4 7. d3 Ne7 8.
O-O Be6 9. Nxd4 Bxc4 10. dxc4 exd4 11. Nd5 Nxd5 12. cxd5 Be5 13. Qh5 Qe7 14.
Bg5 Bf6 15. Bxf6 gxf6 16. Qf3 O-O-O 17. Qxf6 Qc5 18. Qf2 Rde8 19. c3 Rxe4 20.
Qf5+ Kb8 21. Qxe4 dxc3+ 22. Rf2 cxb2 23. Re1 Rc8 24. Qc2 Qb4 25. Rb1 Re8 26.
Qxb2 Re1+ 27. Rxe1 Qxe1+ 28. Rf1 Qe3+ 29. Qf2 Qa3 30. Qxf7 b5 31. Qf8+ Qxf8 32.
Rxf8+ Kb7 33. Rf7 Kb6 34. Rxh7 a5 35. Rh6+ Kc5 36. Rc6+ Kxd5 37. Rxc7 1-0

[Event "Faxe EMT 2003"]
[Site "Faxe"]
[Date "2003.03.26"]
[Round "2"]
[White "Eriksen, Knud Ejler"]
[Black "Nielsen, Poul Erik2"]
[Result "0-1"]
[WhiteElo "1297"]
[BlackElo "1246"]
[PlyCount "164"]
[EventDate "2003.03.19"]

1. d4 e6 2. c4 d5 3. e3 c6 4. Nc3 Bb4 5. Nf3 Nf6 6. Qc2 Ne4 7. a3 Bxc3+ 8. bxc3
Qa5 9. Bb2 Nd7 10. Bd3 Ndf6 11. O-O O-O 12. cxd5 exd5 13. c4 Be6 14. c5 Rfe8
15. Rad1 Bg4 16. Be2 Bh5 17. Ne5 Bxe2 18. Qxe2 Qd8 19. f3 Ng5 20. Qd3 Ne6 21.
Bc3 Qe7 22. Be1 Nd7 23. Nxd7 Qxd7 24. Bg3 Rad8 25. a4 Nf8 26. a5 Qe6 27. Rfe1
a6 28. Qb1 Rd7 29. e4 Qg6 30. f4 dxe4 31. Re3 f5 32. Qb3+ Qe6 33. Qc3 Qd5 34.
Bh4 Ne6 35. Bg3 Nxc5 36. Ree1 Ne6 37. Qa1 h6 38. Qb2 Qxa5 39. Qb3 Qd5 40. Qe3
b5 41. Ra1 Ra7 42. Bf2 a5 43. Qg3 a4 44. Qg6 Rae7 45. Be3 Nf8 46. Qh5 Re6 47.
Rec1 Rg6 48. Rc5 Qb3 49. Bf2 e3 50. Bg3 e2 51. Re1 Qe3+ 52. Kh1 Qxd4 53. Rxf5
Qe4 54. Re5 Rxe5 55. fxe5 Qg4 56. Qxg4 Rxg4 57. Rxe2 Ne6 58. Kg1 Rd4 59. Bh4 g5
60. Bf2 Rd1+ 61. Be1 a3 62. Kf2 Nf4 63. Rd2 Nd3+ 64. Ke2 Rxd2+ 65. Bxd2 Nxe5
66. Bc3 Nc4 67. Kd3 Kf7 68. Kc2 Ke6 69. Kb3 Kd5 70. Ba1 c5 71. g4 b4 72. Bg7
Nd2+ 73. Kc2 Ne4 74. Bh8 Kc4 75. Kb1 Nc3+ 76. Ka1 b3 77. Bxc3 Kxc3 78. Kb1 c4
79. h3 Kd3 80. Kc1 Ke3 81. Kd1 Kf3 82. Kd2 a2 0-1

[Event "Faxe EMT 2003"]
[Site "Faxe"]
[Date "2003.04.02"]
[Round "3"]
[White "Nielsen, Poul Erik2"]
[Black "Strandsbjerg, Jens"]
[Result "0-1"]
[WhiteElo "1246"]
[BlackElo "1477"]
[PlyCount "89"]
[EventDate "2003.03.19"]

1. Nf3 Nf6 2. d4 d5 3. c4 e6 4. a3 Be7 5. Nc3 h6 6. cxd5 exd5 7. h3 c6 8. e3
Bf5 9. Bd3 Bxd3 10. Qxd3 Nbd7 11. O-O O-O 12. b4 a6 13. Re1 Re8 14. Bd2 Bd6 15.
e4 dxe4 16. Nxe4 Nxe4 17. Rxe4 Rxe4 18. Qxe4 Nf6 19. Qd3 Qc7 20. Rc1 Re8 21. d5
Bf4 22. dxc6 Bxd2 23. Qxd2 bxc6 24. Qc2 Rc8 25. Nd4 Qf4 26. Nxc6 Kh8 27. Qc5
Nd7 28. Qe3 Qxe3 29. fxe3 Ne5 30. Rc5 Nxc6 31. a4 Na7 32. Kf2 Rxc5 33. bxc5 Kg8
34. e4 Kf8 35. Ke3 Ke7 36. Kd4 Ke6 37. g3 Nc6+ 38. Ke3 Ke5 39. h4 h5 40. Kd3 g6
41. Ke3 Nd8 42. Kd3 Ne6 43. c6 Kd6 44. c7 Kxc7 45. e5 0-1

[Event "Faxe EMT 2003"]
[Site "Faxe"]
[Date "2003.04.02"]
[Round "3"]
[White "Hansen, Ove Bonnelykke"]
[Black "Eckert, Svend"]
[Result "0-1"]
[WhiteElo "1627"]
[BlackElo "1585"]
[PlyCount "42"]
[EventDate "2003.03.19"]

1. d4 Nf6 2. c4 g6 3. Nc3 Bg7 4. e4 d6 5. Nf3 O-O 6. Be2 b6 7. O-O Bb7 8. d5 c6
9. h3 cxd5 10. cxd5 Nbd7 11. Be3 Nc5 12. Nd2 Nfd7 13. Rc1 Rc8 14. f4 a6 15.
Ndb1 Nf6 16. Nd2 b5 17. b4 Ncd7 18. Nb3 Rxc3 19. Rxc3 Nxe4 20. Rc2 Nc3 21. Bf3
Nxd1 0-1

[Event "Faxe EMT 2003"]
[Site "Faxe"]
[Date "2003.04.02"]
[Round "3"]
[White "Wehlast, Svend Erik"]
[Black "Rasmussen, Arne"]
[Result "1/2-1/2"]
[WhiteElo "1320"]
[BlackElo "1069"]
[PlyCount "74"]
[EventDate "2003.03.19"]

1. d4 d5 2. Nf3 Nf6 3. Bf4 Bf5 4. e3 h6 5. c4 e6 6. c5 Be7 7. Nc3 a6 8. b4 O-O
9. h3 Ne4 10. Qc1 Nxc3 11. Qxc3 c6 12. Bxb8 Rxb8 13. Be2 Bf6 14. a4 Ra8 15. O-O
Be4 16. Ne5 Bxe5 17. dxe5 Qg5 18. Bg4 Rfd8 19. Rad1 Rab8 20. a5 Bf5 21. f4 Qg6
22. Bxf5 Qxf5 23. Rf3 Rd7 24. Rd4 Rbd8 25. Qe1 f6 26. g4 Qg6 27. exf6 Qxf6 28.
Qg3 Rf8 29. Kg2 Rdf7 30. h4 Qg6 31. f5 exf5 32. Rxf5 Rxf5 33. gxf5 Qxg3+ 34.
Kxg3 Rxf5 35. e4 dxe4 36. Rxe4 Rf7 37. Rd4 g6 1/2-1/2

[Event "Faxe EMT 2003"]
[Site "Faxe"]
[Date "2003.04.02"]
[Round "3"]
[White "Jensen, Herman"]
[Black "Refsgaard, Kaj"]
[Result "1/2-1/2"]
[WhiteElo "1615"]
[BlackElo "1585"]
[PlyCount "55"]
[EventDate "2003.03.19"]

1. e4 c5 2. Nf3 Nc6 3. d4 cxd4 4. Nxd4 Nf6 5. Nc3 d6 6. Be2 g6 7. Be3 Bd7 8.
O-O Bg7 9. Qd2 O-O 10. f3 a6 11. a3 Rc8 12. Rac1 Ne5 13. Rfd1 Nc4 14. Bxc4 Rxc4
15. b3 Rc8 16. Nd5 Nxd5 17. exd5 Qc7 18. c4 Qb8 19. a4 b5 20. axb5 axb5 21.
cxb5 Bxd4 22. Qxd4 Rxc1 23. Rxc1 Rc8 24. Rxc8+ Bxc8 25. b6 Qb7 26. Qc3 Qa6 27.
b4 f6 28. Qd4 1/2-1/2

[Event "Faxe EMT 2003"]
[Site "Faxe"]
[Date "2003.04.02"]
[Round "3"]
[White "Hansen, Erik Friberg"]
[Black "Eriksen, Knud Ejler"]
[Result "0-1"]
[WhiteElo "1228"]
[BlackElo "1297"]
[PlyCount "98"]
[EventDate "2003.03.19"]

1. c4 Nf6 2. d4 e6 3. Nc3 d5 4. cxd5 exd5 5. Nf3 c6 6. Bg5 Bf5 7. e3 Nbd7 8.
Bd3 Bg4 9. O-O Bd6 10. h3 Be6 11. Qc2 h6 12. Bxf6 Nxf6 13. Be2 Qd7 14. e4 dxe4
15. Nxe4 Nxe4 16. Qxe4 O-O-O 17. Rfc1 Rde8 18. Qc2 Kb8 19. a3 h5 20. b4 Bf4 21.
Rd1 f6 22. Nh4 Bf7 23. Kf1 g5 24. Ng6 Rh6 25. Nxf4 gxf4 26. Rac1 Bd5 27. f3 Re3
28. Rd3 Qe6 29. Rxe3 fxe3 30. Qc5 Rh8 31. Bc4 Bxc4+ 32. Qxc4 Qd6 33. Qe2 Re8
34. Rd1 Qh2 35. Ke1 Qh1+ 36. Qf1 Qxf1+ 37. Kxf1 e2+ 38. Ke1 exd1=Q+ 39. Kxd1
Re3 40. Kd2 Rxa3 41. f4 Rb3 42. f5 Rxb4 43. Ke3 Rb5 44. g4 hxg4 45. hxg4 a5 46.
Ke4 a4 47. g5 fxg5 48. f6 Rb1 49. Ke5 Rf1 0-1